Normal view
MARC view
- An atlas history of the scond great war
Entry Topical Term
001 - CONTROL NUMBER
- control field: 108186
003 - CONTROL NUMBER IDENTIFIER
- control field: NUST
005 - DATE AND TIME OF LATEST TRANSACTION
- control field: 20230131110644.0
008 - FIXED-LENGTH DATA ELEMENTS
- fixed length control field: 230131|| aca||aabn | a|a d
040 ## - CATALOGING SOURCE
- Original cataloging agency: NUST
- Transcribing agency: NUST
150 ## - HEADING--TOPICAL TERM
- Topical term or geographic name entry element: An atlas history of the scond great war
670 ## - SOURCE DATA FOUND
- Source citation: Work cat.: (NUST)187088: J. F. Horrabin 108185, An atlas history of the scond great war /, 1941
